000 00429nam a2200181Ia 4500
001 9692
005 20260306161737.0
008 260306t2001||||xx |||||||||||||| ||spa||
041 _aESP
082 _a395
_bM12
100 _aMcCloskey Colón, Margot,
_eAUT
245 0 _aEtiqueta para profesionales
260 _c2001
300 _axx, 217 páginas :
_c21 cm.
650 _aGEN
654 _aCHU
942 _cLIB
_dJUS
_fJUS
_2ddc
_n
999 _c9692
_d9692